[Event "2nd Grand Europe Open 2013"]
[Site "Golden Sands BUL"]
[Date "2013.06.12"]
[Round "3.28"]
[White "Abasov,N"]
[Black "Skomorokhin,R"]
[Result "1-0"]
[WhiteElo "2492"]
[BlackElo "2331"]

1.d4 d5 2.c4 e6 3.Nf3 dxc4 4.e3 Nf6 5.Bxc4 c5 6.O-O a6 7.e4 cxd4 8.e5 Ne4
9.Nxd4 b5 10.Bd3 Bb7 11.Bc2 Qd5 12.f3 Nc5 13.Nc3 Qxe5 14.Re1 Qh5 15.Nf5 Nc6
16.Bf4 Nb4 17.Re5 Rd8 18.Nxg7+ Bxg7 19.Rxh5 Rxd1+ 20.Rxd1 f5 21.Bb1 Nc6 22.Re1 b4
23.Rxf5 bxc3 24.Rxc5 O-O 25.Be3 cxb2 26.Rd1 Ne5 27.Rc7 Bd5 28.Rxg7+ Kxg7
29.Bd4  1-0

[Event "17th Petr Izmailov"]
[Site "Tomsk RUS"]
[Date "2013.06.18"]
[Round "8.3"]
[White "Jumabayev,R"]
[Black "Nevostrujev,V"]
[Result "1/2-1/2"]
[WhiteElo "2548"]
[BlackElo "2440"]

1.d4 d5 2.c4 dxc4 3.Nf3 Nf6 4.e3 e6 5.Bxc4 c5 6.O-O a6 7.dxc5 Qxd1 8.Rxd1 Bxc5
9.Be2 O-O 10.Ne5 b6 11.Nc3 b5 12.a4 b4 13.Bf3 Ra7 14.Ne2 Bb7 15.Bd2 Be7 16.Rac1 Bd5
17.Bxd5 Nxd5 18.e4 Nf6 19.f3 Nfd7 20.Nd3 b3 21.Rc3 Rb7 22.Nec1 f5 23.exf5 Rxf5
24.Rxb3 Rxb3 25.Nxb3 Rd5 26.Nf2 Nb6 27.Ra1 Bf6 28.Bc3 Bxc3 29.bxc3 N8d7 30.Ne4 Rd3
31.Nd4 e5 32.Nc6 Nd5 33.Rc1 a5 34.Nxa5 N7b6 35.c4 Nf4 36.Kf1 Ra3 37.c5 Nbd5
38.Nc4 Rxa4 39.Ncd2 Ne3+ 40.Kf2 Nd3+ 41.Kxe3 Nxc1 42.Nd6 Ra5 43.Nb7 Ra2 44.Nd6 Rc2
45.N6c4 Nb3 46.Kd3 Nxd2 47.Kxc2 Nxc4 48.Kd3 Na5 49.Ke4 Kf7 50.Kxe5 Ke7 51.Kd5 Kd7
52.f4 Nc6 53.f5 Nb4+ 54.Ke5 Nd3+ 55.Kd4 Nb4 56.Ke5 Ke7 57.g4 Nc6+ 58.Kd5 Nb4+
59.Kc4 Nc2 60.Kd3 Nb4+ 61.Ke4  1/2-1/2

[Event "7th Varna Open 2013"]
[Site "Varna BUL"]
[Date "2013.06.26"]
[Round "8.3"]
[White "Mareco,S"]
[Black "Drenchev,P"]
[Result "1/2-1/2"]
[WhiteElo "2557"]
[BlackElo "2485"]

1.Nf3 d5 2.d4 Nf6 3.c4 dxc4 4.e3 e6 5.Bxc4 c5 6.O-O a6 7.Bb3 Nc6 8.Nc3 Be7
9.dxc5 Bxc5 10.Qxd8+ Kxd8 11.e4 Nd7 12.Rd1 Ke7 13.Bf4 f6 14.Na4 e5 15.Bd2 b6
16.Bd5 Bb7 17.Rac1 Rhc8 18.Nxc5 bxc5 19.Be3 Nd8 20.Bxb7 Nxb7 21.Nd2 Nd6 22.Nc4 Rc6
23.Nxd6 Rxd6 24.Rxd6 Kxd6 25.b3 Rb8 26.Rc4 Kc6 27.Ra4 Kb5 28.Rc4 Kc6 29.Ra4  1/2-1/2

[Event "IsBank TCh-TUR 2013"]
[Site "Denizli TUR"]
[Date "2013.06.30"]
[Round "2.8"]
[White "Sahin,Handenur"]
[Black "Cemhan,K"]
[Result "0-1"]
[WhiteElo "1791"]
[BlackElo "2033"]

1.d4 d5 2.c4 dxc4 3.Nf3 Nf6 4.e3 e6 5.Bxc4 c5 6.O-O a6 7.a4 Nc6 8.Qe2 cxd4
9.Rd1 Be7 10.exd4 O-O 11.Nc3 Nb4 12.Bg5 Re8 13.Ne5 Nfd5 14.Bxe7 Qxe7 15.Qe4 Rd8
16.Rac1 Bd7 17.Bxd5 Nxd5 18.Nxd5 exd5 19.Qc2 Rac8 20.Qb3 Be6 21.Rc3 Rxc3
22.bxc3 h6 23.Nd3 Bc8 24.Nc5 Rd6 25.a5 Qg5 26.Re1 Bh3 27.g3 Rf6 28.Qc2 g6
29.Re5 Qg4 30.Qe2 Rf3 31.Re8+ Kg7 32.Qe5+ Rf6 33.Qe2 Qf5 34.Re5 Qb1+ 35.Qe1 Qc2
36.Re2 Qf5 37.f4 b6 38.Re5 Qg4 39.Nd3 Qf3 40.Qe2 Qxe2 41.Rxe2 bxa5 42.Nc5 g5
43.Kf2 gxf4 44.gxf4 Rg6 45.Re5 Rg2+ 46.Kf3 Rxh2 47.Kg3 Rh1 48.Rxd5 Bf1 49.Ne4 Rh3+
50.Kf2 Bb5 51.Rc5 Bd3 52.Nd6 a4 53.Ra5 Bc2 54.c4 Rc3 55.Ke2 Bb3 56.Kd2 Rc2+
57.Kd3 Rc1 58.Rxa6 h5 59.c5 h4 60.Nf5+ Kh7 61.Rh6+ Kg8 62.Ne7+ Kf8 63.Nf5 Ke8
64.c6 Kd8 65.Ne3 a3 66.d5 a2 67.Rd6+ Kc7 68.Rd7+ Kc8 69.Rxf7 a1=Q 70.Rf8+ Kc7
71.Rf7+ Kd6 72.Rd7+ Kc5 73.c7 Qd4+ 74.Ke2 Bd1+  0-1

[Event "TCh-MNE Prem 2013"]
[Site "Cetinje MNE"]
[Date "2013.07.02"]
[Round "9.1"]
[White "Arsovic,G"]
[Black "Nikcevic,N"]
[Result "1/2-1/2"]
[WhiteElo "2438"]
[BlackElo "2458"]

1.d4 d5 2.Nf3 Nf6 3.c4 dxc4 4.e3 e6 5.Bxc4 c5 6.O-O Nc6 7.Qe2 cxd4 8.Rd1 Be7
9.exd4 O-O 10.a3 Nd5 11.Nc3 Re8 12.Qe4 Nf6 13.Qe2 Nd5 14.Qe4 Nf6 15.Qe2  1/2-1/2

[Event "IsBank TCh-TUR 2013"]
[Site "Denizli TUR"]
[Date "2013.07.03"]
[Round "5.1"]
[White "Swiercz,D"]
[Black "Vuckovic,Bo"]
[Result "1-0"]
[WhiteElo "2633"]
[BlackElo "2594"]

1.d4 d5 2.c4 dxc4 3.Nf3 Nf6 4.e3 e6 5.Bxc4 c5 6.Qe2 a6 7.dxc5 Bxc5 8.O-O Nbd7
9.e4 b5 10.Bd3 Bb7 11.Nbd2 Be7 12.Nb3 O-O 13.Bd2 a5 14.Rad1 b4 15.Bg5 a4
16.Nbd4 Nc5 17.Bc4 Nfd7 18.Be3 Bxe4 19.Rfe1 Qc7 20.Ng5 Bxg5 21.Bxg5 Nb6 22.Nb5 Qc6
23.Be7 Bxg2 24.Nd4 Qb7 25.Bxc5 Bh3 26.Qe4 Qxe4 27.Rxe4 Rfc8 28.Bxb6 Rxc4
29.Rh4 a3 30.bxa3 Rxa3 31.Nb3 Rc8 32.Rxh3  1-0

[Event "4th AIMAG Men"]
[Site "Incheon KOR"]
[Date "2013.07.03"]
[Round "7.11"]
[White "Murshed,N"]
[Black "Mohammad,Sam"]
[Result "1/2-1/2"]
[WhiteElo "2479"]
[BlackElo "2362"]

1.d4 d5 2.c4 dxc4 3.Nf3 Nf6 4.e3 e6 5.Bxc4 c5 6.O-O a6 7.b3 b6 8.Bb2 Bb7
9.Nbd2 Nbd7 10.Qe2 Be7 11.Rfd1 Qb8 12.Rac1 O-O 13.dxc5 Bxc5 14.Nf1 Rd8 15.Ng3 Be7
16.Bd3 Nc5 17.Bb1 Rxd1+ 18.Rxd1 Qe8 19.Qc2 g6 20.Bd4 Rd8 21.Rc1 Rc8 22.Qb2 Ncd7
23.Rd1 Qf8 24.h3 Ba3 25.Qe2 Qe7 26.Nd2 e5 27.Ba1 b5 28.Nf3 Bb4 29.Bb2  1/2-1/2

[Event "IsBank TCh-TUR 2013"]
[Site "Denizli TUR"]
[Date "2013.07.04"]
[Round "7.1"]
[White "Berkes,F"]
[Black "Vuckovic,Bo"]
[Result "1-0"]
[WhiteElo "2687"]
[BlackElo "2594"]

1.d4 d5 2.c4 dxc4 3.Nf3 Nf6 4.e3 e6 5.Bxc4 c5 6.O-O a6 7.Bb3 Nc6 8.Qe2 cxd4
9.Rd1 d3 10.Rxd3 Qc7 11.e4 Be7 12.Nc3 O-O 13.e5 Nd7 14.Bf4 Nc5 15.Rd2 Nxb3
16.axb3 Bd7 17.Rad1 Rad8 18.Ne4 Bc8 19.Nd6 Bxd6 20.exd6 Qd7 21.b4 f6 22.b5 axb5
23.Qxb5 Ne5 24.Qb3 Nxf3+ 25.Qxf3 Qb5 26.Rc1 e5 27.Be3 Be6 28.h4 Rf7 29.h5 h6
30.Qg3 Qb4 31.Bxh6 Qg4 32.Qxg4 Bxg4 33.Be3 Bxh5 34.Bb6 Rdd7 35.f3 Bg6 36.g4 Rf8
37.Kf2 Ra8 38.Kg3 Be8 39.Bc7 Ra4 40.Rc3 Bg6 41.Rb3 Ra7 42.Rb4 Be8 43.g5 Bg6
44.Rd5 Kf7 45.Rdb5 Ke6 46.Rxb7 Rxb7 47.Rxb7 fxg5 48.b4 e4 49.fxe4 Bxe4 50.Rb8 Kd5
51.b5 Rxd6 52.Bxd6 Kxd6 53.Rc8 Bf5 54.Rc1  1-0

[Event "Klatov Open A 2013"]
[Site "Klatovy CZE"]
[Date "2013.07.04"]
[Round "6.8"]
[White "Kopta,P"]
[Black "Simunek,F"]
[Result "1/2-1/2"]
[WhiteElo "2292"]
[BlackElo "2136"]

1.d4 d5 2.c4 dxc4 3.Nf3 Nf6 4.e3 e6 5.Bxc4 c5 6.O-O a6 7.Bd3 Nc6 8.Nc3 cxd4
9.exd4 Be7 10.a3 O-O 11.Bc2 b5 12.Qd3 Bb7 13.d5 exd5 14.Bg5 g6 15.Rfe1 Qd6
16.Rad1 Rad8 17.Nd4 Rfe8 18.Nxc6 Bxc6 19.Qd4 Nh5 20.Rxe7 Rxe7 21.g4 f6 22.Ne4 Qe5
23.Nxf6+ Nxf6 24.Qxe5 Rxe5 25.Bxf6 Re2 26.Bd3 Rde8 27.Bxe2 Rxe2 28.Kf1 Re4
29.h3 Kf7 30.g5 h5 31.f3 Re8 32.Kf2 Re6 33.Rc1 Ke8 34.f4 Kd7 35.Be5 Re8 36.Ke3 Rc8
37.f5 gxf5 38.Kd4 Bb7 39.Rxc8 Bxc8 40.Kxd5 Ke7 41.h4 Kf7 42.b4 Kg6  1/2-1/2

[Event "41st TCh-GRE"]
[Site "Rio (Achaia) GRE"]
[Date "2013.07.04"]
[Round "4.8"]
[White "Stathopoulos,I"]
[Black "Kosmas Lekkas,D"]
[Result "1-0"]
[WhiteElo "2247"]
[BlackElo "2160"]

1.d4 d5 2.c4 dxc4 3.Nf3 Nf6 4.e3 e6 5.Bxc4 c5 6.O-O a6 7.Bb3 b5 8.e4 Bb7
9.Nbd2 cxd4 10.e5 Nfd7 11.Bc2 Nc6 12.Re1 Qc7 13.Ne4 Nc5 14.Bg5 Nxe5 15.Nxd4 Be7
16.Bf4 Ncd7 17.Rc1 Qb6 18.Ng3 Bc5 19.Ngf5 O-O 20.Bxe5 exf5 21.Nxf5 Bxf2+
22.Kh1 Bxe1 23.Qg4 Qg6 24.Ne7+ Kh8 25.Nxg6+ fxg6 26.Bxg7+ Kxg7 27.Qxd7+ Rf7
28.Qd4+  1-0

[Event "FSFMA July 2013"]
[Site "Budapest HUN"]
[Date "2013.07.06"]
[Round "1.2"]
[White "Juhasz,Bel"]
[Black "Mayer,I"]
[Result "1/2-1/2"]
[WhiteElo "2222"]
[BlackElo "2050"]

1.d4 d5 2.Nf3 Nf6 3.c4 dxc4 4.e3 c5 5.Bxc4 e6 6.O-O Nc6 7.Qe2 a6 8.a4 cxd4
9.Rd1 d3 10.Bxd3 Qc7 11.Nc3 h6 12.e4  1/2-1/2

[Event "Klatov Open A 2013"]
[Site "Klatovy CZE"]
[Date "2013.07.06"]
[Round "8.8"]
[White "Taborsky,R"]
[Black "Simunek,F"]
[Result "1-0"]
[WhiteElo "2260"]
[BlackElo "2136"]

1.Nf3 d5 2.d4 Nf6 3.c4 dxc4 4.e3 e6 5.Bxc4 c5 6.O-O a6 7.Bb3 Nc6 8.Nc3 cxd4
9.exd4 Be7 10.Bg5 O-O 11.Qd2 b5 12.d5 Na5 13.dxe6 Nxb3 14.exf7+ Kxf7 15.axb3 Qxd2
16.Bxd2 Bb7 17.Ng5+ Kg8 18.Rfe1 Bd6 19.Nce4 Nxe4 20.Nxe4 Be7 21.b4 Rad8 22.Bc3 Bxe4
23.Rxe4 Bf6 24.f3 Rd6 25.Kf2 Rc8 26.Ra3 Rdc6 27.Re3 Rd8 28.g4 Bd4 29.Bxd4 Rxd4
30.Rac3 Rcc4 31.Re7 Rd2+ 32.Kg3 Rxc3 33.bxc3 Rc2 34.Rc7 h6 35.h4 Ra2 36.h5 Ra3
37.Kf4 a5 38.Rc5 a4 39.Kf5 Kh7 40.Ke5 Ra1 41.Rxb5 a3 42.Ra5 a2 43.Kf4 Kg8
44.b5 Kf7 45.b6 Rb1 46.Rxa2 Rxb6 47.c4 Rb4 48.Rc2 Kf6 49.Ke4 Ke6 50.Kd4 Kd6
51.Re2 Ra4 52.f4 Ra1 53.c5+ Kd7 54.Ke5 Ke7 55.Kf5+ Kf7 56.Rc2 Ra5 57.Ke5 Ke7
58.g5 Rb5 59.Kd5 Kd7 60.Ra2 Ke8 61.Ke6 Rb8 62.Ra7 Kf8 63.c6 Re8+ 64.Kd6 hxg5
65.fxg5 Rd8+ 66.Rd7  1-0

[Event "Pacific Southwest Op"]
[Site "Los Angeles USA"]
[Date "2013.07.06"]
[Round "4"]
[White "Banawa,Joe"]
[Black "Ronchetti,N"]
[Result "1/2-1/2"]
[WhiteElo "2360"]
[BlackElo "2450"]

1.d4 d5 2.c4 dxc4 3.Nf3 Nf6 4.e3 e6 5.Bxc4 c5 6.O-O a6 7.dxc5 Bxc5 8.Qxd8+ Kxd8
9.Be2 Ke7 10.Nbd2 Nc6 11.a3 a5 12.b3 Bd7 13.Bb2 Rhd8 14.Rac1 Bd6 15.Rfd1 Be8
16.Ng5 Be5 17.Bxe5 Nxe5 18.Rc7+ Rd7 19.Rdc1 Nd5 20.Rxd7+ Bxd7 21.Ngf3 Nc6
22.Kf1  1/2-1/2

[Event "2nd Arberopen 2013"]
[Site "Bayerisch Eisenstein GER"]
[Date "2013.07.07"]
[Round "9.2"]
[White "Vorobiov,E"]
[Black "Solberg,J"]
[Result "1-0"]
[WhiteElo "2583"]
[BlackElo "2212"]

1.d4 d5 2.c4 dxc4 3.Nf3 Nf6 4.e3 e6 5.Bxc4 c5 6.O-O a6 7.Bb3 cxd4 8.exd4 Nc6
9.Nc3 Be7 10.Bg5 O-O 11.Qd2 Nd5 12.Bxd5 exd5 13.Bxe7 Nxe7 14.Rfe1 h6 15.Na4 Bd7
16.Nc5 Rb8 17.Rac1 Ng6 18.Ne5 Nxe5 19.Rxe5 Bc8 20.Qe2 b6 21.Nxa6 Bxa6 22.Qxa6 Ra8
23.Qb5 Rxa2 24.g3 Ra5 25.Qb4 Qd7 26.Kg2 Rb8 27.Re7 Qa4 28.Qd6 Rf8 29.Rd7 Re8
30.Rcc7 Qxd4 31.Rxf7 Rc5 32.Rb7 Qe4+ 33.Kh3  1-0

[Event "36th Barbera Open"]
[Site "Barbera del Valles ESP"]
[Date "2013.07.08"]
[Round "5.5"]
[White "Lopez Martinez,Josep"]
[Black "Gagare,Shar"]
[Result "0-1"]
[WhiteElo "2547"]
[BlackElo "2419"]

1.d4 d5 2.Nf3 Nf6 3.e3 c5 4.c4 dxc4 5.Bxc4 e6 6.O-O a6 7.Qe2 b5 8.Bd3 cxd4
9.exd4 Be7 10.Nc3 Bb7 11.Bg5 Nbd7 12.Rad1 O-O 13.Rfe1 b4 14.Nb1 Qa5 15.Ne5 Qxa2
16.f4 Nb6 17.f5 h6 18.Bh4 exf5 19.Bxf5 Nbd5 20.Qf2 Rae8 21.Bd3 Qa5 22.Nd2 Qd8
23.Nb3 Bc8 24.Bb1 g5 25.Bg3 Nh5 26.Qc2 f5 27.Nc5 Nxg3 28.hxg3 Bf6 29.Ba2 Kg7
30.Qb3 Ne7 31.Qxb4 Ng6 32.Nxg6 Rxe1+ 33.Qxe1 Kxg6 34.Kh1 Re8 35.Qf1 Qd6 36.Qc4 Rf8
37.Rd3 h5 38.d5 h4 39.Ne6 Bxe6 40.dxe6 Qe5 41.gxh4 Qe1+ 42.Kh2 Be5+ 43.g3 f4
44.Qc2 fxg3+ 45.Rxg3+ Kg7 46.e7 Qxg3+  0-1

[Event "15th Torredembarra Open 2013"]
[Site "Torredembarra ESP"]
[Date "2013.07.14"]
[Round "9.3"]
[White "Panelo,M"]
[Black "Villuendas Valero,A"]
[Result "1/2-1/2"]
[WhiteElo "2428"]
[BlackElo "2296"]

1.d4 d5 2.Nf3 Nf6 3.c4 dxc4 4.e3 e6 5.Bxc4 c5 6.O-O a6 7.Bb3 Nc6 8.Qe2 cxd4
9.Rd1 Be7 10.Nc3 O-O 11.Nxd4 Qc7 12.Nxc6 Qxc6 13.e4 e5 14.Bg5 Be6 15.Nd5 Bxd5
16.Bxd5 Nxd5 17.exd5 Qd6 18.Bxe7 Qxe7 19.d6 Qe6 20.Rac1 Rad8 21.Qd3 Rd7 22.Rc7 Rfd8
23.Rxd7 Rxd7 24.Qc3 h6 25.Qc5 Kh7 26.b3 f6 27.h3 Kh8 28.Rd2 Kh7 29.Qc2+ Kg8
30.Qc8+ Kh7 31.Qc5 Kg8 32.b4 Kh7 33.Qc2+ Kg8 34.Qc8+ Kh7 35.Qc5 Kg8 36.a3 Kh7
37.Qc2+ Kg8 38.Qc8+ Kh7 39.Qc5 Kg8 40.a4 Kf7 41.a5 Kg8 42.Rd1 Kh7 43.Qc2+ Kg8
44.Qc8+ Kh7 45.Qc5 Kg8 46.Rd2 Kh7 47.h4 Qg4 48.g3 Qe4 49.Rd1 Qc6 50.Rd2 Kg8
51.Rd1 Kh8 52.Kf1  1/2-1/2

[Event "II ITT LXSBC 2013"]
[Site "Sao Paulo BRA"]
[Date "2013.07.16"]
[Round "4.1"]
[White "Santos,Marcu"]
[Black "Batista,Re"]
[Result "1/2-1/2"]
[WhiteElo "2337"]
[BlackElo "2120"]

1.d4 d5 2.c4 dxc4 3.Nf3 Nf6 4.e3 e6 5.Bxc4 c5 6.O-O a6 7.Qe2 b5 8.Bd3 Bb7
9.dxc5 Bxf3 10.Qxf3 Nbd7 11.Rd1 Bxc5 12.Qe2 Qc8 13.Nc3 O-O 14.a4 b4 15.Ne4 a5
16.Nxf6+ Nxf6 17.b3 Nd5 18.Bb2 Nc3 19.Bxc3 bxc3 20.Qc2 g6 21.Be4 Ra7 22.Qxc3 Bb4
23.Qd3 Rc7 24.Qe2 Rc3 25.Rab1 Rd8 26.Bd3 Rc6 27.g3 Rcd6 28.Bc4 Rxd1+ 29.Rxd1 Rxd1+
30.Qxd1 Qc7 31.h4 Qd6 32.Qf3 h5 33.Kg2 Kg7 34.Qe4 Qc5 35.Qb7 Qe7 36.Qe4 Qc5
37.Qf3 Qd6 38.Bb5 Qe7 39.Bc4 Qf6 40.Qe2 Qe7 41.f3 Qd6 42.Kf2 Qd2 43.Qxd2 Bxd2
44.Ke2 Bb4 45.g4 Kf6 46.g5+ Ke7 47.f4 Kd6 48.e4 Ke7 49.Kf2 Bd2 50.f5 exf5
51.exf5 Kf8 52.Bd3 Kg7 53.Be4 Bb4 54.Ke2 Bc3 55.Kd3 Be1 56.Kc4 gxf5 57.Bxf5 Bxh4
58.b4 axb4 59.a5 Bxg5 60.a6 Be3 61.Kxb4 Kf6 62.Bc8 Kg5 63.Kc3 Kf4 64.Kd3 Ba7
65.Ke2 Kg3 66.Kd3 Kf4 67.Ke2 f5 68.Bxf5 Kxf5 69.Kf3  1/2-1/2

[Event "II ITT LXSBC 2013"]
[Site "Sao Paulo BRA"]
[Date "2013.07.17"]
[Round "6.2"]
[White "Perdomo,L"]
[Black "Batista,Re"]
[Result "1/2-1/2"]
[WhiteElo "2400"]
[BlackElo "2120"]

1.d4 d5 2.c4 dxc4 3.Nf3 Nf6 4.e3 e6 5.Bxc4 c5 6.O-O a6 7.Bb3 Nc6 8.Nc3 cxd4
9.exd4 Be7 10.a3 O-O 11.Re1 b5 12.d5 Nxd5 13.Nxd5 exd5 14.Bxd5 Bb7 15.Bf4 Na5
16.Bxb7 Nxb7 17.Qxd8 Bxd8 18.Rac1 Bf6 19.Be5 Bxe5  1/2-1/2

[Event "Lueneburg GM 2013"]
[Site "Lueneburg GER"]
[Date "2013.07.19"]
[Round "5.4"]
[White "Colpe,M"]
[Black "Lubbe,N"]
[Result "1-0"]
[WhiteElo "2311"]
[BlackElo "2451"]

1.d4 d5 2.c4 dxc4 3.e3 Nf6 4.Bxc4 e6 5.Nf3 c5 6.O-O a6 7.a4 Nbd7 8.a5 cxd4
9.exd4 b5 10.axb6 Nxb6 11.Bd3 Be7 12.Nc3 O-O 13.Qe2 Nbd5 14.Nxd5 Nxd5 15.Be4 Bb7
16.Bd2 Qb6 17.Ba5 Qd6 18.Qd2 f5 19.Bxd5 Bxd5 20.Ne5 Rfc8 21.Rfc1 Bb7 22.f3 Qd5
23.Bc3 Bd8 24.Kh1 Bb6 25.Re1 Rc7 26.Nd3 Qd6 27.Nf4 Re8 28.d5 Rxc3 29.bxc3 Bc7
30.g3 e5 31.Rab1 Rb8 32.Ng2 a5 33.c4 Bb6 34.Qc3 Bc7 35.Red1 Qc5 36.Rb5 Qf2
37.Rb2 Qa7 38.c5 Ba8 39.Rxb8+ Bxb8 40.d6 Qd7 41.Qb3+  1-0

[Event "6th Paleochora Open"]
[Site "Paleochora GRE"]
[Date "2013.07.22"]
[Round "5.23"]
[White "Kouvatsos,F"]
[Black "Skagseth,Havard M"]
[Result "1-0"]
[WhiteElo "2181"]
[BlackElo "1930"]

1.d4 d5 2.c4 dxc4 3.e3 Nf6 4.Bxc4 e6 5.Nf3 c5 6.O-O a6 7.a4 Nc6 8.Nc3 Be7
9.Ne2 O-O 10.Bd2 Bd7 11.dxc5 Bxc5 12.Qb1 Nb4 13.Rd1 Qe7 14.Ne5 Rfd8 15.Bc3 Bc6
16.Nxc6 Nxc6 17.Nf4 Rxd1+ 18.Qxd1 Ne4 19.Be1 Nb4 20.Qe2 Rd8 21.Nd3 Nxd3 22.Bxd3 Nf6
23.Rc1 Nd5 24.Bxh7+ Kxh7 25.Qc2+ Kg8 26.Qxc5 Qf6 27.Qc2 Qe5 28.h3 b5 29.axb5 axb5
30.Qb3 Nc7 31.Ba5 Rd7 32.Bxc7 Rxc7 33.Rxc7 Qxc7 34.Qxb5 Qc1+ 35.Kh2 Qd2 36.Qb8+ Kh7
37.Kg3 Qd5 38.b4 Qg5+ 39.Kh2 Qf5 40.Qf4 Qh5 41.g4 Qb5 42.Qxf7 Qxb4 43.Qxe6 Qe1
44.Qf5+ Kg8 45.e4 Qc3 46.e5 Qc7 47.g5  1-0

[Event "6th Paleochora Open"]
[Site "Paleochora GRE"]
[Date "2013.07.22"]
[Round "5.19"]
[White "Manigk,S"]
[Black "Bellos,I"]
[Result "1/2-1/2"]
[WhiteElo "2237"]
[BlackElo "1986"]

1.d4 d5 2.c4 dxc4 3.e3 e6 4.Bxc4 Nf6 5.Nf3 c5 6.O-O a6 7.Bb3 Be7 8.Nc3 Nc6
9.dxc5 Qxd1 10.Rxd1 Bxc5 11.Bd2 O-O 12.Rac1 Ba7 13.Na4 Bd7 14.Nc5 Bxc5 15.Rxc5 Rfd8
16.Be1 Be8 17.Rcc1 Rac8 18.a3 h6 19.h3 Rxd1 20.Rxd1 Ne7 21.Ne5 Ned5 22.Ng4 Nxg4
23.hxg4 Bb5 24.Bxd5 exd5 25.Bc3 Bc6 26.Kh2 Re8 27.Kg3 f6 28.Bd4 Kf7 29.Rh1 Re6
30.Rh5 Re8 31.f3 Kg6 32.Kf2 Kf7 33.Ke1 Rc8 34.Bc3 Ke6 35.Kd2 Be8 36.Rh1 Bc6
37.Ke2 Bb5+ 38.Kf2 Bc6 39.Rd1 Kf7 40.Kg3 Re8 41.Bd4 Rc8 42.Rd2 Re8 43.Kh4 Rc8
44.b4 Ba4 45.Bc5 Bc6 46.Rd4 Re8 47.Rd1 Rc8 48.Kg3 Re8 49.Kf2 Rc8 50.Rh1 Ke6
51.Ke2 Bb5+ 52.Kd2 Ba4 53.Rc1 Bb5 54.Ra1 Ba4 55.Ra2 Bb3 56.Rb2 Ba4 57.Ke2 Bb5+
58.Kf2 Bc6 59.Kg3 Kf7 60.Rd2 Re8 61.Bd4 Rc8 62.f4 Re8 63.Kh4 Kg6 64.Kg3 Kf7
65.Rf2 Kg6 66.Rf1 Re7 67.Ra1 Ba4 68.Rc1 Bc6 69.Rc5 Rd7 70.Kh4 Rd8 71.Kg3 Kf7
72.Ra5 Ke6 73.a4 Be8 74.b5 axb5 75.axb5 Rb8 76.b6 Bc6 77.Ra1 Kf7 78.Bc5 Rd8
79.Rc1 Ke6 80.Ra1 Kf7 81.Ra5 Ke6 82.Bd4 Kf7 83.Ra1 Ke6 84.g5 hxg5 85.fxg5 fxg5
86.Bxg7 Rg8 87.Bd4 Kf7 88.Rf1+ Ke6 89.Rf6+ Ke7 90.Rh6 Kd7 91.Kg4 Kc8 92.Rd6 Bd7+
93.Kh5 g4 94.g3 Rf8 95.Bf6 Re8 96.Bg5 Re6 97.Rxe6  1/2-1/2

[Event "ch-AUT 2013"]
[Site "Feldkirch AUT"]
[Date "2013.07.24"]
[Round "5.9"]
[White "Kummer,Hel"]
[Black "Sucher,J"]
[Result "1-0"]
[WhiteElo "2357"]
[BlackElo "2158"]

1.d4 d5 2.c4 dxc4 3.Nf3 Nf6 4.e3 e6 5.Bxc4 c5 6.O-O Nc6 7.Qe2 cxd4 8.Rd1 Bd7
9.exd4 Be7 10.a3 O-O 11.Nc3 Qc7 12.Bg5 Rfe8 13.Rac1 Qa5 14.Ne5 Nd5 15.Bd2 Qd8
16.Nxd5 exd5 17.Bxd5 Nxe5 18.dxe5 Bf6 19.f4 Rc8 20.Be3 Rxc1 21.Rxc1 Bxe5
22.fxe5 Rxe5 23.Qd2 Qe8 24.Rf1 Rxd5 25.Qxd5 Qxe3+ 26.Kh1 Qe6 27.Qxb7 a6 28.Rd1 Be8
29.Qd5 Qe2 30.Qd2 Qb5 31.Re1 Qd7 32.Qxd7 Bxd7 33.Rd1 Be8 34.Rd8 Kf8 35.Ra8  1-0

[Event "Maccabiah GM2 2013"]
[Site "Jerusalem ISR"]
[Date "2013.07.26"]
[Round "8.4"]
[White "Szuhanek,R"]
[Black "Vasiliev,Olg"]
[Result "1-0"]
[WhiteElo "2519"]
[BlackElo "2296"]

1.Nf3 d5 2.d4 Nf6 3.c4 dxc4 4.e3 e6 5.Bxc4 c5 6.Nc3 a6 7.a4 Nc6 8.O-O Be7
9.Qe2 O-O 10.Rd1 Qc7 11.h3 Rd8 12.d5 exd5 13.Nxd5 Nxd5 14.Bxd5 Nb4 15.e4 Nxd5
16.exd5 b6 17.Ra3 h6 18.Ne5 Bd6 19.Ng4 f5 20.Ne3 Re8 21.Qh5 Qe7 22.Bd2 Qe5
23.f4 Qe4 24.Nc4 Rd8 25.Nxb6 Qd4+ 26.Kh1 Qxb2 27.Nc4 Qd4 28.Nb6 Bb7 29.Rg3 Bxf4
30.Bxf4 Qxf4 31.Qg6 Qc7 32.d6 Qf7 33.Qxf7+ Kxf7 34.Nxa8 Bxa8 35.Rc3 Ke6 36.Rxc5 f4
37.Kg1 f3 38.gxf3 Bxf3 39.Rd3 Be4 40.Rd4 Ba8 41.Rc7 Bd5 42.Rxg7 Ke5 43.Rdg4 Be6
44.Rh4 Rxd6 45.Rxh6 Rd1+ 46.Kf2 Bf5 47.Ra7 Rd2+ 48.Ke1 Rh2 49.h4 Bd3 50.Re7+ Kf5
51.h5 Kg5 52.Rd6 Bf5 53.Rxa6 Rxh5 54.a5 Kf4 55.Rf6 Rh1+ 56.Kd2 Ra1 57.a6 Kg5
58.Rb6 Bg4 59.Rg7+ Kh5 60.Rb5+  1-0

[Event "Sparkassen Open A 2013"]
[Site "Dortmund GER"]
[Date "2013.07.27"]
[Round "1.14"]
[White "Reisberg,Andre"]
[Black "Wagner,Al"]
[Result "0-1"]
[WhiteElo "1955"]
[BlackElo "2220"]

1.d4 d5 2.c4 dxc4 3.Nf3 Nf6 4.e3 e6 5.Bxc4 c5 6.O-O a6 7.dxc5 Bxc5 8.Qxd8+ Kxd8
9.Nc3 b5 10.Be2 Ke7 11.b3 Nbd7 12.Bb2 Bb7 13.Rfd1 Rac8 14.h3 Rc7 15.Rac1 Rhc8
16.Kf1 Bb4 17.Nb1 Rc2 18.Bc3 R2xc3 19.Nxc3 Rxc3 20.Nd4 Ne4 21.Nc2 Bd6 22.Bf3 Ne5
23.Be2 Rc7 24.Nd4 Nc3 25.Rd2 Ba3 26.Ra1 Ne4 27.Rdd1 Nc3 28.Rd2 Be4 29.f4 Nxe2
30.Kxe2 Nd7 31.Kf2 Bc1 32.Re2 Nc5 33.g4 Bd3 34.Re1 Ba3 35.Kf3 Be4+ 36.Kg3 Nd3
37.Re2 Nc1 38.Re1 Bb2  0-1

[Event "9th Tabor Open 2013"]
[Site "Tabor CZE"]
[Date "2013.08.04"]
[Round "9.13"]
[White "Vybiral,Z"]
[Black "Kubin,P"]
[Result "1-0"]
[WhiteElo "2195"]
[BlackElo "2036"]

1.d4 d5 2.c4 dxc4 3.e3 Nf6 4.Bxc4 e6 5.Nf3 c5 6.O-O a6 7.Nc3 b5 8.Bd3 Bb7
9.a3 Nbd7 10.Qe2 Qc7 11.e4 cxd4 12.Nxd4 Bd6 13.h3 O-O 14.Bg5 Rac8 15.Rad1 h6
16.Bc1 Rfd8 17.Rfe1 Be5 18.Bb1 Nc5 19.Qe3 Bxd4 20.Rxd4 Rxd4 21.Qxd4 Nb3 22.Qe3 Nxc1
23.Rxc1 e5 24.Rd1 Rd8 25.Rd3 Rd7 26.Ba2 Qd8 27.Rxd7 Qxd7 28.f3 Qc8 29.Kh2 Kf8
30.Qb6 Kg8 31.Qd6 Qe8 32.Qc7 Qd7 33.Qb8+ Qc8 34.Qxe5 Bc6 35.Qd6 Bd7 36.Bd5 Be6
37.Bc6 Kh7 38.f4 Nh5 39.f5 Bb3 40.e5 Nf4 41.Be4 Qc4 42.e6 Qf1 43.f6+ g6 44.Qf8 Nxe6
45.Qxf7+ Kh8 46.Qe8+  1-0

[Event "21st Poznan Open"]
[Site "Poznan POL"]
[Date "2013.08.10"]
[Round "4.4"]
[White "Chojnacki,K"]
[Black "Weglarz,L"]
[Result "1/2-1/2"]
[WhiteElo "2407"]
[BlackElo "2213"]

1.d4 d5 2.c4 dxc4 3.Nf3 e6 4.e3 Nf6 5.Bxc4 c5 6.O-O Qc7 7.Qe2 Nc6 8.Rd1 a6
9.dxc5 Bxc5 10.a3 O-O 11.b4 Bd6 12.Bb2 Ne5 13.Nbd2 b5 14.Bb3 Bb7 15.Rac1 Qb8
16.h3 Nxf3+ 17.Nxf3 Bxf3 18.Qxf3 Be5 19.Bd4 Bxd4 20.Rxd4 a5 21.g4 axb4 22.g5 Ne8
23.axb4 g6 24.Rd7 Ra7 25.Rcd1 Rxd7 26.Rxd7 Qe5 27.Qf4 Qxf4 28.exf4 Ng7 29.Bd1 f6
30.Rb7 fxg5 31.fxg5 Rf5 32.h4 Re5 33.Rb8+ Kf7 34.Rb7+ Kg8 35.Rb8+  1/2-1/2

[Event "XI Miguel Najdorf Open A 2013"]
[Site "Warsaw POL"]
[Date "2013.08.12"]
[Round "8.8"]
[White "Malisauskas,V"]
[Black "Eggink,R"]
[Result "1/2-1/2"]
[WhiteElo "2455"]
[BlackElo "2162"]

1.d4 d5 2.c4 dxc4 3.Nf3 Nf6 4.e3 e6 5.Bxc4 c5 6.O-O a6 7.dxc5 Qxd1 8.Rxd1 Bxc5
9.Be2 b6 10.Nd4 Bb7 11.Nb3 Be7 12.N1d2 Nbd7 13.Nc4 Rc8 14.Bd2 O-O 15.f3 Bd5
16.Rac1 b5 17.Nca5 Nb6 18.e4 Bxb3 19.axb3 Rxc1 20.Rxc1 Rc8 21.Nc6 Kf8 22.Kf2 Nfd7
23.Nxe7 Rxc1 24.Ng6+ hxg6 25.Bxc1 Ke7 26.Bd2 e5 27.Bb4+ Ke6 28.h4 f5 29.g3 Nb8
30.Ke3 Nc6 31.Bc3 Nc8 32.exf5+ gxf5 33.f4 N8e7 34.Bf3 e4 35.Bd1 g6 36.Bg7 Nd5+
37.Kd2 Kf7 38.Bh6 Nd4 39.h5 e3+ 40.Kd3 e2 41.Bxe2 Nxe2 42.Kxe2 gxh5 43.Bg5 Nb4
44.Bd8 Ke6 45.Ba5 Nc6 46.Bb6 Kd5 47.Kd3 Nb8 48.Bd4 Nc6 49.Bb6 Nb4+ 50.Ke3 Na2
51.Kf3 Nc1 52.Kg2 Nxb3 53.Kh3 a5 54.Kh4 a4 55.Bd8 b4 56.Be7 Nc5 57.Kxh5 Nd3
58.Kg5 Ke6 59.Bf6 Nf2 60.Bh8 Ne4+ 61.Kh4 Kf7 62.g4 Kg6 63.Bd4 Nf6 64.gxf5+ Kxf5
65.Kg3 Nh5+ 66.Kf3 Nxf4 67.Ke3 Ne6 68.Bh8 a3  1/2-1/2

[Event "22nd Kavala Open 2013"]
[Site "Kavala GRE"]
[Date "2013.08.13"]
[Round "9.18"]
[White "Krishna,CRG"]
[Black "Panagiotopoulos,A"]
[Result "1-0"]
[WhiteElo "2339"]
[BlackElo "2166"]

1.d4 d5 2.Nf3 Nf6 3.c4 dxc4 4.e3 e6 5.Bxc4 c5 6.O-O a6 7.Bb3 b5 8.a4 Bb7
9.axb5 axb5 10.Rxa8 Bxa8 11.dxc5 Qxd1 12.Rxd1 Bxc5 13.Nc3 b4 14.Na4 Ba7 15.Nd4 Nc6
16.Nb5 Bb8 17.Nb6 Bb7 18.Ba4 Ke7 19.Bd2 Rd8 20.Nd4 Nxd4 21.Bxb4+ Bd6 22.Rxd4 Bxb4
23.Rxb4 Bc6 24.Kf1 Bxa4 25.Nxa4 Rd2 26.Rb7+ Ke8 27.Nc3 Rc2 28.h3 Nd7 29.Ne4 Ke7
30.b4 Kd8 31.Ng5 Kc8 32.Rb5 Nf6 33.Nxf7 Ne4 34.f3 Ng3+ 35.Kg1 Kd7 36.Rb7+ Kc6
37.Nd8+ Kd5 38.Rxg7  1-0

[Event "22nd ZMDI Open 2013"]
[Site "Dresden GER"]
[Date "2013.08.17"]
[Round "8.8"]
[White "Wichmann,C"]
[Black "Donchenko,Alexa"]
[Result "1/2-1/2"]
[WhiteElo "2360"]
[BlackElo "2476"]

1.d4 d5 2.c4 dxc4 3.Nf3 Nf6 4.e3 e6 5.Bxc4 c5 6.O-O a6 7.dxc5 Bxc5 8.Qxd8+ Kxd8
9.Ne5 Ke7 10.Be2 Nbd7 11.Nc4 Rd8 12.Nbd2 Kf8 13.Nb3 Be7 14.Bd2 b6 15.Bf3 Ra7
16.Nd4 Bb7 17.Rfd1 Bxf3 18.gxf3 Rc8 19.b3 Ne8 20.Be1 g6 21.f4 Nef6 22.Nf3 Rac7
23.Nfe5 Rb8  1/2-1/2